000 00205 a2200097 4500
020 _a9781892005281
041 _aeng
100 _aMarshall B.Rosenberg PHd
245 _aNonviolent Comunication
942 _cBK
999 _c30960
_d30958